00337nam a2200121Ia 4500008004000000082001200040100002200052245007300074250000500147260004600152300001000198440000700208210210b1958 xxu||||| |||| 00| 0 eng d a040/139 aBOZMAN (E F). Ed. aEverymans encyclopaedia. Ed.4. Vol.10. Phnom Penh-Rybinsk Reservoir. a aLondonbJ. M. Dent and Sons Limitedc1958 av,762 a10